3 Vowels: 1 Consonant II Quiz Stats

 Plays Quiz Updated Jan 10, 2012

Challenge
Share
Tweet
Embed
Score 0/20 Timer 04:00
3 Plays Today
Clue 4-Letter Word % Correct
Princess from 'Star Wars'Leia
93.8%
Succulent plant for treating burnsAloe
87.1%
German car brandAudi
76.5%
Garfield's canine foilOdie
68.9%
A carAuto
62.4%
Island home to HonoluluOahu
61.1%
A blue-green color or Danish bandAqua
59.5%
A boyfriendBeau
56.9%
Jacob's Biblical twinEsau
54.2%
Actress Falco of 'Nurse Jackie'Edie
54.1%
Clue 4-Letter Word % Correct
Goodbye, to GiorgioCiao
52.6%
Papers indicating money to repayIOUs
51.8%
Seep out slowlyOoze
51.1%
Butter substituteOleo
49%
Lower border of a roof that overhangsEave
47.3%
Verdi's Egyptian operaAida
38.6%
Sheltered from the windAlee
35.2%
Mother Earth goddessGaia
34.6%
One of many in 'The Grapes of Wrath'Okie
17.5%
Capital of SamoaApia
15.1%

You're not logged in!

Compare scores with friends on all Sporcle quizzes.
Join for Free
OR
Log In

You Might Also Like...

Show Comments

Extras

Top Quizzes Today


Score Distribution

Your Account Isn't Verified!

In order to create a playlist on Sporcle, you need to verify the email address you used during registration. Go to your Sporcle Settings to finish the process.

Report this User

Report this user for behavior that violates our Community Guidelines.

Details: